[Event "Titled Tuesday intern op 17th Aug"]
[Site "Chess.com INT"]
[Date "2021.08.17"]
[Round "11"]
[White "Ivanov, Oleg V"]
[Black "Bharath, Subramaniyam H"]
[Result "1-0"]
[WhiteElo "2458"]
[BlackElo "2435"]
[PlyCount "123"]
[EventDate "2021.08.17"]
[EventType "swiss (blitz)"]
[EventRounds "11"]
[EventCountry "USA"]
[SourceTitle "EXT 2022"]
[Source "ChessBase"]
[SourceDate "2021.10.06"]
[SourceVersion "1"]
[SourceVersionDate "2021.10.06"]
[SourceQuality "1"]

1. e4 c5 2. Nf3 e6 3. g3 Nc6 4. Bg2 Nf6 5. Qe2 d6 6. 0-0 Be7 7. c3 0-0 8. Rd1 Bd7 9. d4 cxd4 10. cxd4 Rc8 11. Nc3 Re8 12. h3 a6 13. Bf4 Bf8 14. Qd2 b5 15. e5 b4 16. exf6 bxc3 17. bxc3 Qxf6 18. c4 h6 19. Rab1 Red8 20. Rb7 Be8 21. Be3 d5 22. c5 e5 23. dxe5 Nxe5 24. Nxe5 Qxe5 25. Bd4 Qf5 26. Rc1 Bb5 27. Qf4 Qg6 28. Rb6 Rc6 29. Rxc6 Qxc6 30. Qd2 Be7 31. Qe3 Bf6 32. Qc3 Bxd4 33. Qxd4 Qc7 34. Rd1 Bc4 35. Rc1 Qa5 36. Rc2 Qe1+ 37. Kh2 Qe6 38. Rxc4 dxc4 39. Qxd8+ Kh7 40. Qd4 c3 41. Qxc3 Qxa2 42. c6 Qe6 43. c7 Qc8 44. Bb7 Qxb7 45. c8Q Qb6 46. Qc2+ g6 47. Q8c7 Qf6 48. Q7c3 Qe6 49. Qa3 h5 50. h4 Qb6 51. Qca2 Kh6 52. Qxa6 Qd4 53. Qxf7 Qxh4+ 54. Kg2 Qe4+ 55. Kg1 Qe1+ 56. Qf1 Qe5 57. Qf4+ Kh7 58. Qxe5 h4 59. Qh3 g5 60. Qd7+ Kh6 61. Qee6+ Kh5 62. Qh7# 1-0

[Event "Titled Tuesday intern op 17th Aug"]
[Site "Chess.com INT"]
[Date "2021.08.17"]
[Round "5"]
[White "Ivanov, Oleg V"]
[Black "Rozhkov, Viacheslav"]
[Result "1-0"]
[WhiteElo "2458"]
[BlackElo "2248"]
[PlyCount "49"]
[EventDate "2021.08.17"]
[EventType "swiss (blitz)"]
[EventRounds "11"]
[EventCountry "USA"]
[SourceTitle "EXT 2022"]
[Source "ChessBase"]
[SourceDate "2021.10.06"]
[SourceVersion "1"]
[SourceVersionDate "2021.10.06"]
[SourceQuality "1"]

1. e4 c5 2. Nf3 d6 3. d4 cxd4 4. Nxd4 Nf6 5. f3 e5 6. Nb3 d5 7. Bg5 dxe4 8. Qxd8+ Kxd8 9. Nc3 a6 10. 0-0-0+ Nbd7 11. fxe4 Kc7 12. Bc4 Bb4 13. Rxd7+ Bxd7 14. Bxf6 Bxc3 15. Bxg7 Rhg8 16. Bf6 Rg6 17. Rf1 Bd4 18. Nxd4 exd4 19. g3 Bb5 20. Be5+ Kd7 21. Rxf7+ Ke8 22. Bd5 Bc6 23. Rxh7 Bxd5 24. exd5 Rd8 25. d6 1-0

[Event "Titled Tuesday intern op 17th Aug"]
[Site "Chess.com INT"]
[Date "2021.08.17"]
[Round "8"]
[White "Le, Tuan Minh"]
[Black "Ivanov, Oleg V"]
[Result "1-0"]
[WhiteElo "2514"]
[BlackElo "2458"]
[PlyCount "121"]
[EventDate "2021.08.17"]
[EventType "swiss (blitz)"]
[EventRounds "11"]
[EventCountry "USA"]
[SourceTitle "EXT 2022"]
[Source "ChessBase"]
[SourceDate "2021.10.06"]
[SourceVersion "1"]
[SourceVersionDate "2021.10.06"]
[SourceQuality "1"]

1. d4 d5 2. Nf3 Nf6 3. Bf4 e6 4. e3 Bd6 5. Nbd2 0-0 6. c3 c5 7. Bd3 b6 8. Qe2 a5 9. 0-0 Ba6 10. Bxa6 Nxa6 11. Bg5 Be7 12. Rad1 Nb8 13. e4 Nc6 14. exd5 Nxd5 15. Bxe7 Qxe7 16. dxc5 Qxc5 17. Ne4 Qe7 18. Rd2 Rfd8 19. Rfd1 Qc7 20. c4 Nf4 21. Qe3 Rxd2 22. Rxd2 Rd8 23. Nc3 Rxd2 24. Qxd2 Ng6 25. b3 h6 26. h3 Nge5 27. Ne1 Ne7 28. Nc2 Nf5 29. Ne3 Nxe3 30. Qxe3 Qd6 31. Nb5 Qd1+ 32. Kh2 Nd7 33. Qf4 e5 34. Qe4 Qd2 35. Qf5 g6 36. Qf3 Kg7 37. a3 Nc5 38. Nc7 e4 39. Qg3 Nd3 40. Ne8+ Kf8 41. Nf6 Qxf2 42. Qd6+ Kg7 43. Nxe4 Qf4+ 44. Qxf4 Nxf4 45. Kg3 Ne6 46. b4 axb4 47. axb4 f5 48. Nc3 Nf8 49. Kf4 Nd7 50. Nd5 Kf7 51. Ke3 Ke6 52. Kd4 Kd6 53. Nxb6 Nxb6 54. c5+ Kc6 55. cxb6 g5 56. Ke5 f4 57. Kf5 Kxb6 58. Kg6 Kb5 59. Kxh6 f3 60. gxf3 Kxb4 61. Kxg5 1-0

[Event "Titled Tuesday intern op 27th July"]
[Site "Chess.com INT"]
[Date "2021.07.27"]
[Round "5"]
[White "Coto Mederos, Michel"]
[Black "Ivanov, Oleg V"]
[Result "0-1"]
[WhiteElo "2348"]
[BlackElo "2458"]
[PlyCount "130"]
[EventDate "2021.07.27"]
[EventType "swiss (blitz)"]
[EventRounds "11"]
[EventCountry "USA"]
[SourceTitle "CBM 203 Extra"]
[Source "ChessBase"]
[SourceDate "2021.09.30"]
[SourceVersion "1"]
[SourceVersionDate "2021.09.30"]
[SourceQuality "1"]

1. c4 c5 2. Nc3 g6 3. Nf3 Bg7 4. e3 Nf6 5. d4 cxd4 6. exd4 d5 7. cxd5 Nxd5 8. Bc4 Nxc3 9. bxc3 0-0 10. 0-0 Qc7 11. Nd2 Nc6 12. Bb2 b6 13. Qe2 Bb7 14. Rfe1 e6 15. Bd3 Rfd8 16. Nf3 Rac8 17. Rac1 Qf4 18. Be4 Na5 19. Bxb7 Nxb7 20. c4 Nd6 21. Rc2 Nf5 22. Rd1 Rd7 23. g3 Qg4 24. Rcd2 Rcd8 25. Kg2 Ne7 26. h3 Qh5 27. d5 Bxb2 28. Rxb2 exd5 29. Rbd2 d4 30. Rxd4 Rxd4 31. Rxd4 Rxd4 32. Qxe7 Rd1 33. g4 Qc5 34. Qe8+ Qf8 35. Qe2 Qd8 36. Ne5 Rd2 37. Qf3 Qe7 38. Qf4 Kg7 39. Qxd2 Qxe5 40. Qd3 h5 41. gxh5 Qxh5 42. Kg3 Qg5+ 43. Kh2 Qe5+ 44. Kg2 Qf6 45. Qe4 Qb2 46. a4 Qa1 47. Qc6 Qd4 48. Qc7 a5 49. Qc6 Qf6 50. Qd5 Qb2 51. Qc6 Qd4 52. Qc8 Kh7 53. Qc7 Kg7 54. Qc6 Qf6 55. Qc7 Qg5+ 56. Kh2 Qf5 57. Qxb6 Qf4+ 58. Kg2 Qe4+ 59. Kf1 Qxc4+ 60. Kg2 Qxa4 61. Qd6 Qa1 62. Qd5 a4 63. h4 a3 64. h5 Qb2 65. Qg5 Qb7+ 0-1

[Event "Titled Tuesday intern op 27th July"]
[Site "Chess.com INT"]
[Date "2021.07.27"]
[Round "9"]
[White "Ivanov, Oleg V"]
[Black "Grigorjev, Iljya"]
[Result "1-0"]
[WhiteElo "2458"]
[BlackElo "2372"]
[PlyCount "111"]
[EventDate "2021.07.27"]
[EventType "swiss (blitz)"]
[EventRounds "11"]
[EventCountry "USA"]
[SourceTitle "CBM 203 Extra"]
[Source "ChessBase"]
[SourceDate "2021.09.30"]
[SourceVersion "1"]
[SourceVersionDate "2021.09.30"]
[SourceQuality "1"]

1. c4 Nf6 2. g3 c5 3. Bg2 Nc6 4. Nc3 g6 5. d3 Bg7 6. Qd2 0-0 7. b3 e6 8. Bb2 d5 9. Nf3 d4 10. Nd1 e5 11. 0-0 Re8 12. e4 a5 13. a3 Qd6 14. h3 a4 15. bxa4 Rxa4 16. Qc2 Ra7 17. Bc1 Bd7 18. Rb1 Nd8 19. Kh2 Ne6 20. Ng1 Bc6 21. f4 exf4 22. gxf4 Nh5 23. e5 Qc7 24. Qf2 Nexf4 25. Bxc6 bxc6 26. Qf3 Bxe5 27. Kh1 Bd6 28. Nf2 Ne2 29. Nxe2 Rxe2 30. Ne4 Ra2 31. Bh6 f5 32. Rbe1 Ra8 33. Nxd6 Qxd6 34. Rf2 R2xa3 35. Kg2 Ra2 36. Ree2 Rxe2 37. Rxe2 Kf7 38. Rb2 Re8 39. Rb7+ Re7 40. Rb2 Qe6 41. Bg5 Rd7 42. Re2 Qxe2+ 43. Qxe2 h6 44. Bxh6 Re7 45. Qf3 Re6 46. Bg5 Kg7 47. Qf2 Kf7 48. Qa2 Ke8 49. Qa8+ Kf7 50. Qb7+ Kf8 51. Qc8+ Re8 52. Qxc6 Re2+ 53. Kf3 Rh2 54. Qxc5+ Kg8 55. Qc8+ Kh7 56. Qc7+ 1-0

[Event "Titled Tuesday intern op 27th July"]
[Site "Chess.com INT"]
[Date "2021.07.27"]
[Round "3"]
[White "Ivanov, Oleg V"]
[Black "Jeet, Jain"]
[Result "0-1"]
[WhiteElo "2458"]
[BlackElo "2279"]
[PlyCount "88"]
[EventDate "2021.07.27"]
[EventType "swiss (blitz)"]
[EventRounds "11"]
[EventCountry "USA"]
[SourceTitle "CBM 203 Extra"]
[Source "ChessBase"]
[SourceDate "2021.09.30"]
[SourceVersion "1"]
[SourceVersionDate "2021.09.30"]
[SourceQuality "1"]

1. Nf3 d5 2. c4 e6 3. g3 Nf6 4. Bg2 dxc4 5. Qa4+ Nbd7 6. Qxc4 a6 7. Qc2 Rb8 8. 0-0 b5 9. Nd4 Bb7 10. Nc6 Bxc6 11. Qxc6 Rb6 12. Qc2 c5 13. d3 Be7 14. a4 0-0 15. axb5 axb5 16. Nc3 Qc7 17. Bf4 Bd6 18. Be3 Ng4 19. Bd2 c4 20. Ne4 cxd3 21. Qxd3 Nge5 22. Qb1 Nc4 23. Bc3 b4 24. Bd4 Be5 25. Bxb6 Ndxb6 26. Rc1 Qe7 27. Ra6 f5 28. b3 Na3 29. Qa2 Nd5 30. Nd2 Nc3 31. Rxc3 Bxc3 32. Nb1 Nxb1 33. Qxb1 Rd8 34. Bf3 e5 35. Qxf5 g6 36. Qe4 Qf7 37. Rb6 Qxb3 38. Rb7 Qe6 39. Rc7 Rd7 40. Qa8+ Kg7 41. Rc8 Qh3 42. Rd8 b3 43. Rg8+ Kh6 44. Rd8 b2 0-1

[Event "Titled Tuesday intern op 27th July"]
[Site "Chess.com INT"]
[Date "2021.07.27"]
[Round "11"]
[White "Ivanov, Oleg V"]
[Black "Krysa, Leandro Sergio"]
[Result "0-1"]
[WhiteElo "2458"]
[BlackElo "2527"]
[PlyCount "74"]
[EventDate "2021.07.27"]
[EventType "swiss (blitz)"]
[EventRounds "11"]
[EventCountry "USA"]
[SourceTitle "CBM 203 Extra"]
[Source "ChessBase"]
[SourceDate "2021.09.30"]
[SourceVersion "1"]
[SourceVersionDate "2021.09.30"]
[SourceQuality "1"]

1. e4 c5 2. Nf3 e6 3. g3 Nc6 4. Bg2 Nf6 5. Qe2 e5 6. Nc3 Be7 7. Nd5 0-0 8. d3 Nxd5 9. exd5 Nd4 10. Nxd4 exd4 11. Bh3 Re8 12. 0-0 d6 13. Bxc8 Qxc8 14. Qf3 Bf6 15. Bf4 Be5 16. Rfe1 Qf5 17. Qe4 Qxe4 18. dxe4 c4 19. Bxe5 dxe5 20. a4 Kf8 21. a5 Ke7 22. Ra4 Rec8 23. Rb4 Rc7 24. Ra1 Kd6 25. Kf1 f5 26. f3 fxe4 27. fxe4 Rf8+ 28. Ke2 Rcf7 29. Re1 Kc5 30. c3 b5 31. axb6 axb6 32. Kd2 Rf2+ 33. Re2 d3 34. Rxf2 Rxf2+ 35. Ke3 Re2+ 36. Kf3 Rxe4 37. Kxe4 d2 0-1

[Event "Titled Tuesday intern op 02nd Feb"]
[Site "Chess.com INT"]
[Date "2021.02.02"]
[Round "1"]
[White "Ivanov, Oleg V"]
[Black "Cruz, William Ferreira Da"]
[Result "1/2-1/2"]
[WhiteElo "2458"]
[BlackElo "2224"]
[PlyCount "135"]
[EventDate "2021.02.02"]
[EventType "swiss (blitz)"]
[EventRounds "11"]
[EventCountry "USA"]
[SourceTitle "CBM 200 Extra"]
[Source "ChessBase"]
[SourceDate "2021.03.31"]
[SourceVersion "1"]
[SourceVersionDate "2021.03.31"]
[SourceQuality "1"]

1. c4 Nf6 2. g3 g6 3. Bg2 Bg7 4. Nf3 0-0 5. 0-0 d6 6. d4 Nbd7 7. Nc3 e5 8. e4 exd4 9. Nxd4 Re8 10. h3 Nc5 11. Re1 Bd7 12. Bf4 h6 13. Qc2 Nfxe4 14. Nxe4 Bxd4 15. Bxh6 Bf5 16. Qd2 Bh8 17. Bg5 Nxe4 18. Bxe4 Qc8 19. Bg2 Qd7 20. g4 Be6 21. Rac1 c6 22. b3 d5 23. Rcd1 d4 24. Qf4 c5 25. Bf6 Bxf6 26. Qxf6 Qe7 27. Qf4 Qf8 28. Re5 Rab8 29. Rde1 b6 30. Qf6 Bd7 31. f4 Rxe5 32. Rxe5 Re8 33. Kf2 Rxe5 34. Qxe5 Qe8 35. Bd5 Qxe5 36. fxe5 Be6 37. Kf3 Kg7 38. h4 Kh6 39. Kg3 g5 40. h5 Kg7 41. Kf3 Kh6 42. Kg3 Kg7 43. Kf3 Kh6 44. a3 a5 45. Kg3 Kg7 46. Kf3 Kh6 47. Bxe6 fxe6 48. Ke4 Kg7 49. Kd3 Kh6 50. Kc2 Kg7 51. Kb2 Kh6 52. Kc1 Kg7 53. Kd2 Kh6 54. Kd3 Kg7 55. Ke2 Kh6 56. Kf2 Kg7 57. Kf3 Kh6 58. Ke4 Kg7 59. b4 axb4 60. axb4 Kh6 61. Kd3 Kg7 62. Ke4 Kh6 63. Kd3 Kg7 64. b5 Kh6 65. Ke4 Kg7 66. Kd3 Kh6 67. Ke4 Kg7 68. Kd3 1/2-1/2

[Event "Titled Tuesday intern op 02nd Feb"]
[Site "Chess.com INT"]
[Date "2021.02.02"]
[Round "3"]
[White "Ivanov, Oleg V"]
[Black "Tronenkovs, Valdis"]
[Result "1-0"]
[WhiteElo "2458"]
[BlackElo "2265"]
[PlyCount "97"]
[EventDate "2021.02.02"]
[EventType "swiss (blitz)"]
[EventRounds "11"]
[EventCountry "USA"]
[SourceTitle "CBM 200 Extra"]
[Source "ChessBase"]
[SourceDate "2021.03.31"]
[SourceVersion "1"]
[SourceVersionDate "2021.03.31"]
[SourceQuality "1"]

1. c4 e6 2. g3 d5 3. Nf3 Nf6 4. Bg2 Be7 5. 0-0 0-0 6. d4 Nbd7 7. Qc2 c6 8. b3 b6 9. Rd1 Ba6 10. Nbd2 Rc8 11. e4 c5 12. e5 Ne8 13. cxd5 cxd4 14. Qb2 exd5 15. Qxd4 Nc7 16. Bb2 Nc5 17. Nf1 N7e6 18. Qxd5 Nd3 19. Qxd8 Rfxd8 20. Bc1 Rc2 21. Be3 g5 22. Ne1 Nxe1 23. Rxe1 g4 24. Be4 Bd3 25. Bxd3 Rxd3 26. Rec1 Rxc1 27. Rxc1 Bc5 28. Kg2 a5 29. h3 h5 30. hxg4 hxg4 31. Rc4 Bxe3 32. Nxe3 Rd2 33. Rc2 Rxc2 34. Nxc2 Kg7 35. Ne3 Nc5 36. Nxg4 Nd3 37. f4 Nc1 38. a3 Nxb3 39. Ne3 Nd2 40. Kf2 Nb1 41. Nc4 b5 42. Nxa5 Nxa3 43. Nb3 Kg6 44. g4 Nc4 45. Nd4 b4 46. Kf3 Nd2+ 47. Ke3 Nf1+ 48. Ke2 Nh2 49. g5 1-0

[Event "Titled Tuesday intern op 02nd Feb"]
[Site "Chess.com INT"]
[Date "2021.02.02"]
[Round "4"]
[White "Karamsetty, Jeevan"]
[Black "Ivanov, Oleg V"]
[Result "1-0"]
[WhiteElo "2206"]
[BlackElo "2458"]
[PlyCount "79"]
[EventDate "2021.02.02"]
[EventType "swiss (blitz)"]
[EventRounds "11"]
[EventCountry "USA"]
[SourceTitle "CBM 200 Extra"]
[Source "ChessBase"]
[SourceDate "2021.03.31"]
[SourceVersion "1"]
[SourceVersionDate "2021.03.31"]
[SourceQuality "1"]

1. e4 d5 2. exd5 Qxd5 3. Nc3 Qd6 4. d4 Nf6 5. Be2 c6 6. Nf3 Bg4 7. 0-0 e6 8. Be3 Nbd7 9. h3 Bh5 10. a3 Qc7 11. b4 Be7 12. Qd2 0-0 13. Bf4 Bd6 14. Bxd6 Qxd6 15. Rfd1 Rfd8 16. Qe3 Nb6 17. Ne5 Nbd5 18. Nxd5 Nxd5 19. Qd2 Bxe2 20. Qxe2 Qc7 21. Qg4 a5 22. c4 Nc3 23. Rdc1 axb4 24. axb4 Rxa1 25. Rxa1 b5 26. Qf3 Na4 27. Nxc6 Rc8 28. cxb5 Nb6 29. Ra7 Nd5 30. Rxc7 Rxc7 31. Qa3 g6 32. Qa8+ Kg7 33. g3 h5 34. Ne5 Nb6 35. Qa6 Nd5 36. b6 Rc1+ 37. Kg2 Nxb4 38. Qb5 Nc2 39. b7 Nxd4 40. Qb2 1-0

[Event "Titled Tuesday intern op 26th Jan"]
[Site "Chess.com INT"]
[Date "2021.01.26"]
[Round "10"]
[White "Ivanov, Oleg V"]
[Black "Gallo Garcia, Kemel Antonio"]
[Result "1-0"]
[WhiteElo "2458"]
[BlackElo "2328"]
[PlyCount "115"]
[EventDate "2021.01.26"]
[EventType "swiss (blitz)"]
[EventRounds "11"]
[EventCountry "USA"]
[SourceTitle "CBM 200 Extra"]
[Source "ChessBase"]
[SourceDate "2021.03.31"]
[SourceVersion "1"]
[SourceVersionDate "2021.03.31"]
[SourceQuality "1"]

1. c4 c6 2. d4 d5 3. Nf3 Nf6 4. Qb3 dxc4 5. Qxc4 Bf5 6. g3 Nbd7 7. Bg2 e6 8. 0-0 h6 9. Qb3 Qb6 10. Nbd2 Be7 11. Nc4 Qxb3 12. axb3 Be4 13. Nfe5 Bxg2 14. Kxg2 0-0 15. Na5 Nxe5 16. dxe5 Nd7 17. Nxb7 Rfb8 18. Na5 Nxe5 19. Bf4 Bf6 20. Bxe5 Bxe5 21. Nxc6 Rb5 22. Nxe5 Rxe5 23. e3 Rb5 24. Ra3 a5 25. Rc1 Rab8 26. Rc3 R8b7 27. h4 h5 28. Kf3 Kh7 29. e4 Kg6 30. Ke3 e5 31. Kd3 f6 32. Kc2 Rd7 33. Ra4 Kh6 34. Rac4 Kg6 35. Rc5 Rb4 36. R3c4 Rdb7 37. Rxb4 axb4 38. Kd3 Kf7 39. Kc4 g5 40. Rb5 Rc7+ 41. Rc5 Rd7 42. hxg5 fxg5 43. Rxe5 Kg6 44. f4 g4 45. Kxb4 Rd2 46. Re6+ Kg7 47. f5 Rd3 48. e5 Rxg3 49. Rg6+ Kh7 50. Rb6 Rf3 51. f6 Kg6 52. Rb7 h4 53. Rg7+ Kh5 54. f7 h3 55. e6 g3 56. Rxg3 Rxg3 57. f8Q Rg4+ 58. Ka3 1-0

[Event "Titled Tuesday intern op 26th Jan"]
[Site "Chess.com INT"]
[Date "2021.01.26"]
[Round "2"]
[White "Ivanov, Oleg V"]
[Black "Sorensen, Hampus"]
[Result "1-0"]
[WhiteElo "2458"]
[BlackElo "2395"]
[PlyCount "37"]
[EventDate "2021.01.26"]
[EventType "swiss (blitz)"]
[EventRounds "11"]
[EventCountry "USA"]
[SourceTitle "CBM 200 Extra"]
[Source "ChessBase"]
[SourceDate "2021.03.31"]
[SourceVersion "1"]
[SourceVersionDate "2021.03.31"]
[SourceQuality "1"]

1. c4 e5 2. Nc3 Bb4 3. g3 Bxc3 4. bxc3 d6 5. Bg2 Ne7 6. d3 0-0 7. e4 c6 8. Ne2 f5 9. exf5 Bxf5 10. 0-0 Nd7 11. Ba3 Nc5 12. d4 exd4 13. cxd4 Ne4 14. Rc1 Re8 15. Nc3 d5 16. Re1 Nxc3 17. Rxc3 dxc4 18. Rce3 c3 19. Qb3+ 1-0